| 000 | 00352nam a2200133Ia 4500 | ||
|---|---|---|---|
| 082 |
_a617.52 _bD1984M |
||
| 100 | _aMURRAY,J.J. | ||
| 245 | _aDENTAL TECHNIQUES : A COLOUR ATLAS OF ACID ETCH TECHNIQUE | ||
| 250 | _a1ST | ||
| 260 |
_bWOLFE PUBLICATION _aLONDON _c1984 |
||
| 300 | _aJan-64 | ||
| 650 | _aPREVENTIVE AND COMMUNITY DENTISTRY | ||
| 942 |
_2ddc _cBK |
||
| 999 |
_c2693 _d2693 |
||